Falling, may day sermon, and other poems /

Bibliographic Details
Main Author: Dickey, James
Format: Book
Language:English
Published: Middletown, Conn. : Wesleyan University Press, [1981]
Edition:1st ed.

MARC

Tag First Indicator Second Indicator Subfields
LEADER 00000pam a2200000 a 4500
001 in00000086482
005 20151008064527.0
008 811102s1981 ctu 00010 eng
010 |a  81019861  
020 |a 0819550604 :  |c $10.00 
020 |a 0819560693 (pbk.) :  |c $6.95 
035 |a (OCoLC)07975876 
035 |9 AAK4341AM 
039 0 |a 2  |b 3  |c 3  |d 3  |e 3 
040 |a DLC  |c DLC  |d TXA  |d UtOrBLW 
049 |a TXAM  |c [1672980] 
050 0 0 |a PS3554.I32  |b F3 
082 0 |a 811/.54  |2 19 
100 1 |a Dickey, James. 
245 1 0 |a Falling, may day sermon, and other poems /  |c James Dickey. 
250 |a 1st ed. 
264 1 |a Middletown, Conn. :  |b Wesleyan University Press,  |c [1981] 
264 4 |c ©1981 
300 |a ix, 75 pages ;  |c 21 cm. 
336 |a text  |b txt  |2 rdacontent 
337 |a unmediated  |b n  |2 rdamedia 
338 |a volume  |b nc  |2 rdacarrier 
999 |a MARS 
999 f f |s 1eaad664-37bb-3f8e-b42b-cb3afcb45521  |i 2ace39cd-f5a8-3340-9786-a6e3e64b34c3  |t 0 
952 f f |p ric  |a Texas A&M University  |b Rellis Campus  |c Joint Library Facility  |d Remote Storage  |t 0  |e PS3554.I32 F3  |h Library of Congress classification  |i unmediated -- volume  |m A14806192137 
998 f f |a PS3554.I32 F3  |t 0  |l Remote Storage